| 000 | 00385pab a2200145 454500 | ||
|---|---|---|---|
| 008 | 180718b1991 xxu||||| |||| 00| 0 eng d | ||
| 100 | _aMenon, Usha | ||
| 245 | _aIntellectual property rights and agricultural development | ||
| 260 | _c1991 | ||
| 300 | _a1660-7 | ||
| 362 | _a6-13 Jul. | ||
| 650 | _aAgricultural Development | ||
| 773 | _aEconomic and Political Weekly | ||
| 909 | _a3887 | ||
| 999 |
_c3887 _d3887 |
||